[Event "Vienna Silvester op-B"]
[Site "Vienna"]
[Date "2022.01.02"]
[Round "7"]
[White "Steinmetz, Bruno"]
[Black "Gerold, Arnold"]
[Result "0-1"]
[WhiteElo "1504"]
[BlackElo "1769"]
[PlyCount "72"]
[EventDate "2021.12.27"]
[EventType "swiss"]
[EventRounds "7"]
[EventCountry "AUT"]
[SourceTitle "EXT 2023"]
[Source "ChessBase"]
[SourceDate "2022.10.05"]
[SourceVersion "1"]
[SourceVersionDate "2022.10.05"]
[SourceQuality "1"]

1. e4 c5 2. Nf3 d6 3. d4 cxd4 4. Nxd4 Nf6 5. Nc3 g6 6. Be3 Bg7 7. f3 0-0 8. Qd2 Nc6 9. Bc4 Bd7 10. 0-0-0 Qa5 11. h4 Ne5 12. Bb3 Rfc8 13. h5 Nxh5 14. g4 Nf6 15. Bh6 Bxh6 16. Qxh6 Rxc3 17. bxc3 Qxc3 18. Ne2 Qa1+ 19. Kd2 Nxf3+ 20. Kd3 Ne5+ 21. Kd2 Nxe4+ 22. Ke3 Nxg4+ 23. Kf3 Qf6+ 24. Qf4 Ng5+ 25. Kg3 Qxf4+ 26. Nxf4 Ne4+ 27. Kf3 Nef2 28. Nd5 Nxh1 29. Rxh1 Ne5+ 30. Kg3 Nc6 31. Rf1 Rf8 32. Kh4 Kg7 33. Re1 e6 34. Nf4 Nd4 35. Rd1 Nxb3 36. Rxd6 Nc5 0-1